Vlajky štátov Európy - Statistics

General Stats
  • This quiz has been taken 33 times
  • The average score is 22 of 44
Answer Stats
Picture Answer % Correct
Grécko
83%
Nemecko
83%
Poľsko
78%
Rusko
78%
Švédsko
78%
Portugalsko
72%
Španielsko
72%
Taliansko
72%
Francúzsko
67%
Holandsko
67%
Belgicko
61%
Česká Republika
61%
Chorvátsko
61%
Rumunsko
61%
Estónsko
56%
Fínsko
56%
Írsko
56%
Nórsko
56%
Spojené Kráľovstvo
56%
Švajčiarsko
56%
Ukrajina
56%
Bielorusko
50%
Bulharsko
50%
Srbsko
50%
Bosna a Hercegovina
44%
Dánsko
44%
Lotyšsko
44%
Rakúsko
44%
Slovensko
44%
Island
39%
Litva
39%
Maďarsko
39%
Slovinsko
39%
Luxembursko
33%
Malta
33%
Severné Macedónsko
33%
Albánsko
28%
San Maríno
28%
Vatikán
28%
Andorra
22%
Čierna Hora
22%
Lichtenštajnsko
22%
Moldavsko
22%
Monako
17%
No matching quizzes found
Score Distribution
Percent of People with Each Score
Percentile by Number Answered
Your Score History
You have not taken this quiz